町田市の町名 【読み方版】 - Statistics

General Stats
  • This quiz has been taken 75 times
  • The average score is 19 of 54
Answers on the Map
Answers color-coded by a green-red scale on the quiz's map according to % correct below.
 
Answer Stats
町名 % Correct
原町田 (はらまちだ)
76%
鶴川 (つるかわ)
76%
成瀬 (なるせ)
69%
森野 (もりの)
55%
本町田 (ほんまちだ)
55%
相原町 (あいはらまち)
55%
つくし野 (つくしの)
52%
南町田 (みなみまちだ)
52%
山崎 (やまざき)
48%
成瀬台 (なるせだい)
45%
玉川学園 (たまがわがくえん)
43%
小山ヶ丘 (おやまがおか)
43%
金森 (かなもり)
40%
忠生 (ただお)
40%
小山田桜台 (おやまださくらだい)
40%
鶴間 (つるま)
38%
中町 (なかまち)
38%
小野路町 (おのじまち)
38%
金井 (かない)
38%
小山町 (おやままち)
38%
小川 (おがわ)
36%
薬師台 (やくしだい)
36%
南大谷 (みなみおおや)
33%
木曽東 (きそひがし)
33%
能ヶ谷 (のうがや)
33%
三輪町 (みわまち)
33%
三輪緑山 (みわみどりやま)
33%
真光寺 (しんこうじ)
33%
野津田町 (のづたまち)
33%
南つくし野 (みなみつくしの)
31%
成瀬が丘 (なるせがおか)
31%
木曽町 (きそまち)
31%
木曽西 (きそにし)
31%
藤の台 (ふじのだい)
31%
南成瀬 (みなみなるせ)
31%
高ヶ坂 (こがさか)
29%
金森東 (かなもりひがし)
26%
東玉川学園 (ひがしたまがわがくえん)
26%
金井町 (かないまち)
26%
上小山田町 (かみおやまだまち)
26%
下小山田町 (しもおやまだまち)
26%
図師町 (ずしまち)
26%
旭町 (あさひまち)
24%
根岸 (ねぎし)
24%
広袴 (ひろはかま)
24%
山崎町 (やまざきまち)
24%
西成瀬 (にしなるせ)
21%
広袴町 (ひろはかままち)
21%
大蔵町 (おおくらまち)
21%
矢部町 (やべまち)
21%
根岸町 (ねぎしまち)
19%
真光寺町 (しんこうじまち)
19%
金井ヶ丘 (かないがおか)
19%
常盤町 (ときわまち)
19%
No matching quizzes found
Score Distribution
Percent of People with Each Score
Percentile by Number Answered
Your Score History
You have not taken this quiz